Understanding Electro-Mechanical engineering (Record no. 612549)
[ view plain ]
| 000 -LEADER | |
|---|---|
| fixed length control field | 00426nam a22001337a 4500 |
| 020 ## - INTERNATIONAL STANDARD BOOK NUMBER | |
| International Standard Book Number | 8120316812 |
| 040 ## - CATALOGING SOURCE | |
| Transcribing agency | Nust |
| 082 ## - DEWEY DECIMAL CLASSIFICATION NUMBER | |
| Classification number | 621-MEC |
| Author Mark | KAM |
| 100 ## - MAIN ENTRY--PERSONAL NAME | |
| Personal name | Lawrence J. Kamm |
| 9 (RLIN) | 127419 |
| 245 ## - TITLE STATEMENT | |
| Title | Understanding Electro-Mechanical engineering |
| Remainder of title | An introductions to mechatronics' |
| 260 ## - PUBLICATION, DISTRIBUTION, ETC. | |
| Place of publication, distribution, etc. | New Delhi: |
| Name of publisher, distributor, etc. | Prentice Hall of India, |
| Date of publication, distribution, etc. | 1996. |
| 650 ## - SUBJECT ADDED ENTRY--TOPICAL TERM | |
| Topical term or geographic name entry element | Understanding Electro-Mechanical engineering |
| 9 (RLIN) | 127420 |
| 942 ## - ADDED ENTRY ELEMENTS (KOHA) | |
| Source of classification or shelving scheme | |
| Koha item type | Book |
| Withdrawn status | Lost status | Source of classification or shelving scheme | Damaged status | Not for loan | Permanent Location | Current Location | Shelving location | Date acquired | Total Checkouts | Full call number | Barcode | Date last seen | Price effective from | Koha item type |
|---|---|---|---|---|---|---|---|---|---|---|---|---|---|---|
| College of Electrical & Mechanical Engineering (CEME) | College of Electrical & Mechanical Engineering (CEME) | General Stacks | 01/09/2025 | 621-MEC KAM | CEME- 34685 | 01/09/2025 | 01/09/2025 | Book |
